[Event "FRA-chT Top 16 GpA"]
[Site "Chartres"]
[Date "2022.06.12"]
[Round "4.4"]
[White "Maurizzi, Marc Andria"]
[Black "Cantin, Loic"]
[Result "1-0"]
[WhiteElo "2490"]
[BlackElo "2199"]
[PlyCount "117"]
[EventDate "2022.06.09"]
[EventType "team-tourn"]
[EventRounds "7"]
[EventCountry "FRA"]
[SourceTitle "CBM 208 Extra"]
[Source "ChessBase"]
[SourceDate "2022.07.31"]
[SourceVersion "1"]
[SourceVersionDate "2022.07.31"]
[SourceQuality "1"]
[WhiteTeam "Chartres"]
[BlackTeam "US Villejuif Echecs"]
[WhiteTeamCountry "FRA"]
[BlackTeamCountry "FRA"]

1. e4 e5 2. Nf3 Nc6 3. Bb5 Nf6 4. Nc3 Bd6 5. d3 0-0 6. a3 Nd4 7. Bc4 c6 8. Nxd4 exd4 9. Ne2 Be5 10. 0-0 d5 11. exd5 Nxd5 12. Ng3 Bxg3 13. hxg3 Be6 14. Qf3 Qd7 15. Qe4 Nc7 16. Bxe6 Nxe6 17. Bd2 Rfe8 18. Rfe1 Nc7 19. Qf4 Re6 20. Rxe6 Nxe6 21. Qg4 Re8 22. Re1 Nf8 23. Qf4 Rxe1+ 24. Bxe1 Qd8 25. a4 g6 26. Bd2 h5 27. Bb4 Ne6 28. Qe5 b6 29. Bd6 Qd7 30. Bb8 a6 31. Qf6 c5 32. Be5 Kf8 33. b3 Ke8 34. Qh8+ Ke7 35. Qa8 a5 36. Qa6 Qd8 37. Qb7+ Kf8 38. Bb8 h4 39. gxh4 Qxh4 40. Bd6+ Kg8 41. Qc8+ Kh7 42. Be5 f6 43. Qxe6 fxe5 44. Qxe5 Qd8 45. Kf1 Qd7 46. f3 Qd8 47. Ke2 Kh6 48. Qf4+ Kg7 49. Kd1 Qe7 50. Qe4 Qg5 51. f4 Qh4 52. Kc1 Qd8 53. g4 Qh4 54. g5 Qf2 55. Qe7+ Kg8 56. Qe6+ Kg7 57. Qf6+ Kh7 58. Qf7+ Kh8 59. Qf8+ 1-0

[Event "FRA-chT Top 16 GpA"]
[Site "Chartres"]
[Date "2022.06.10"]
[Round "2.3"]
[White "Cantin, Loic"]
[Black "Iglesias, Yosha"]
[Result "1-0"]
[WhiteElo "2199"]
[BlackElo "2202"]
[PlyCount "100"]
[EventDate "2022.06.09"]
[EventType "team-tourn"]
[EventRounds "7"]
[EventCountry "FRA"]
[SourceTitle "CBM 208 Extra"]
[Source "ChessBase"]
[SourceDate "2022.07.31"]
[SourceVersion "1"]
[SourceVersionDate "2022.07.31"]
[SourceQuality "1"]
[WhiteTeam "US Villejuif Echecs"]
[BlackTeam "Paris Club 608"]
[WhiteTeamCountry "FRA"]
[BlackTeamCountry "FRA"]

1. Nf3 d5 2. c4 e6 3. g3 d4 4. Bg2 Nc6 5. 0-0 Bc5 6. d3 Nge7 7. b3 Qd6 8. Bb2 0-0 9. Qc1 a5 10. Na3 e5 11. Ng5 Bxa3 12. Bxa3 Qg6 13. Bxc6 Nxc6 14. Bxf8 Kxf8 15. f4 h6 16. Nf3 e4 17. Nh4 Qh5 18. dxe4 Qxe2 19. Qe1 Bg4 20. Rf2 Qxe1+ 21. Rxe1 a4 22. Kg2 d3 23. Rd2 Be2 24. Nf3 axb3 25. axb3 Bxf3+ 26. Kxf3 Nd4+ 27. Kg4 Nxb3 28. Rxd3 Nc5 29. Rd2 Ke7 30. Rd5 b6 31. Red1 Ra4 32. R5d4 Ra2 33. h4 Ra3 34. h5 Re3 35. e5 Ne4 36. Rd7+ Ke6 37. f5+ Kxe5 38. R1d5+ Kf6 39. Rxc7 Ng5 40. Rd6+ Ke5 41. Re7+ Kxd6 42. Rxe3 Kc5 43. f6 gxf6 44. Kf5 Kxc4 45. Kxf6 b5 46. Kg7 b4 47. Kxh6 Ne6 48. Kh7 b3 49. Kg8 b2 50. Re1 Kd5 1-0

[Event "FRA-chT Top 16 GpA"]
[Site "Chartres"]
[Date "2022.06.09"]
[Round "1.2"]
[White "Cantin, Loic"]
[Black "Bailet, Pierre"]
[Result "1/2-1/2"]
[WhiteElo "2199"]
[BlackElo "2512"]
[PlyCount "142"]
[EventDate "2022.06.09"]
[EventType "team-tourn"]
[EventRounds "7"]
[EventCountry "FRA"]
[SourceTitle "CBM 208 Extra"]
[Source "ChessBase"]
[SourceDate "2022.07.31"]
[SourceVersion "1"]
[SourceVersionDate "2022.07.31"]
[SourceQuality "1"]
[WhiteTeam "US Villejuif Echecs"]
[BlackTeam "Metz Fischer"]
[WhiteTeamCountry "FRA"]
[BlackTeamCountry "FRA"]

1. Nf3 Nf6 2. g3 g6 3. Bg2 Bg7 4. 0-0 0-0 5. c4 d6 6. d4 Nc6 7. d5 Na5 8. Nfd2 c5 9. Nc3 a6 10. Qc2 Rb8 11. Rb1 b5 12. b3 e6 13. Bb2 Re8 14. dxe6 Bxe6 15. cxb5 axb5 16. Nce4 Bf5 17. Nxf6+ Bxf6 18. e4 Bd7 19. Rbd1 Nc6 20. Nf3 Bg4 21. h3 Bxf3 22. Bxf3 Bxb2 23. Qxb2 Nd4 24. Bg2 Qa5 25. f4 b4 26. Rf2 Re7 27. Kh2 Qd8 28. Qc1 Qf8 29. Qc4 Qe8 30. Qd5 Rd8 31. Rdd2 Nb5 32. e5 Red7 33. Qc4 Nd4 34. Rxd4 cxd4 35. Bc6 dxe5 36. fxe5 d3 37. Rd2 Qe7 38. Bxd7 Rxd7 39. Rxd3 Rxd3 40. Qxd3 Qxe5 41. Qd2 Qc3 42. Qe2 g5 43. h4 h6 44. hxg5 hxg5 45. Kh3 Qc8+ 46. Kh2 Qc5 47. Qd2 Kg7 48. Qb2+ Kg6 49. Qe2 Qd4 50. Kh3 Qd7+ 51. Kh2 f5 52. Qa6+ Kg7 53. Qe2 Qd6 54. Kg2 Kf6 55. Qb2+ Kg6 56. Qc2 Qd5+ 57. Kh2 Qe4 58. Qd1 Qe5 59. Qd2 f4 60. g4 Kh6 61. Qc2 Qc3 62. Qf5 Qd2+ 63. Kh1 Qd6 64. Kg1 Qe7 65. Kf1 Kg7 66. Qd5 Qf6 67. Qb7+ Kh6 68. Qh1+ Kg7 69. Qb7+ Kg6 70. Qxb4 Qa1+ 71. Qe1 Qxa2 1/2-1/2

[Event "FRA-chT Top 12"]
[Site "Chalons en Champagne"]
[Date "2021.06.25"]
[Round "2.1"]
[White "Libiszewski, Fabien"]
[Black "Cantin, Loic"]
[Result "1-0"]
[WhiteElo "2510"]
[BlackElo "2182"]
[PlyCount "53"]
[EventDate "2021.06.24"]
[EventType "team-tourn"]
[EventRounds "11"]
[EventCountry "FRA"]
[SourceTitle "CBM 203 Extra"]
[Source "ChessBase"]
[SourceDate "2021.09.30"]
[SourceVersion "1"]
[SourceVersionDate "2021.09.30"]
[SourceQuality "1"]
[WhiteTeam "Clichy Echecs 92"]
[BlackTeam "Villejuif"]
[WhiteTeamCountry "FRA"]
[BlackTeamCountry "FRA"]

1. e4 c5 2. d3 Nc6 3. g3 g6 4. Bg2 Bg7 5. f4 d6 6. Nf3 Nf6 7. 0-0 Qc7 8. Nc3 a6 9. h3 e6 10. g4 h5 11. g5 Nd7 12. Nh4 Nf8 13. f5 Bd4+ 14. Kh1 Be5 15. Ne2 gxf5 16. exf5 Bd7 17. c3 d5 18. d4 cxd4 19. cxd4 Bd6 20. fxe6 fxe6 21. g6 Rg8 22. Bg5 Nxg6 23. Nc3 Nxh4 24. Qxh5+ Ng6 25. Qh7 Nce7 26. Qf7+ Kd8 27. Qxg8+ 1-0

[Event "EU-Cup Online Gr-F"]
[Site "Tornelo INT"]
[Date "2021.03.28"]
[Round "6.3"]
[White "Stolyarsky, Yegor"]
[Black "Cantin, Loic"]
[Result "1-0"]
[WhiteElo "2063"]
[BlackElo "2182"]
[PlyCount "155"]
[EventDate "2021.03.27"]
[EventType "team-tourn (rapid)"]
[EventRounds "9"]
[EventCountry "NET"]
[SourceTitle "CBM 201 Extra"]
[Source "ChessBase"]
[SourceDate "2021.05.31"]
[SourceVersion "1"]
[SourceVersionDate "2021.05.31"]
[SourceQuality "1"]
[WhiteTeam "Tsafrir Rehovot"]
[BlackTeam "Villejuif"]
[WhiteTeamCountry "ISR"]
[BlackTeamCountry "FRA"]

1. d4 d5 2. Nf3 Nf6 3. g3 c6 4. Bg2 Bf5 5. 0-0 e6 6. c4 Nbd7 7. Nc3 h6 8. b3 Bd6 9. Bb2 0-0 10. Nd2 Qe7 11. e4 dxe4 12. Ndxe4 Nxe4 13. Nxe4 Bb4 14. Qe2 Rfe8 15. a3 Ba5 16. b4 Bc7 17. Rfe1 Rad8 18. Rad1 a5 19. Bc3 Ra8 20. d5 cxd5 21. cxd5 Bxe4 22. Qxe4 Nf6 23. Bxf6 Qxf6 24. d6 Bb6 25. Re2 Rab8 26. bxa5 Bxa5 27. Qe5 Bb6 28. Qxf6 gxf6 29. Rb2 Bc5 30. Rb5 Bxa3 31. Rd3 Bc1 32. Rc3 Rec8 33. Rxb7 Bd2 34. Rc2 Ba5 35. d7 Rxc2 36. Rxb8+ Kg7 37. d8Q Bxd8 38. Rxd8 Rc1+ 39. Bf1 f5 40. Kg2 Rc2 41. Bd3 Rc7 42. Bb5 Rb7 43. Bc6 Rc7 44. Bf3 e5 45. Bd5 Re7 46. Kf3 Ra7 47. Rb8 Ra3+ 48. Rb3 Ra7 49. Rb7 Ra3+ 50. Ke2 Kg6 51. Bxf7+ Kf6 52. Bd5 e4 53. Rb3 Ra5 54. Bg8 Ke5 55. Ke3 Rc5 56. f4+ exf3 57. Kxf3 Kf6 58. Rb6+ Kg7 59. Be6 Kf6 60. Bb3+ Kg7 61. Kf4 Ra5 62. h4 Rc5 63. h5 Ra5 64. Rg6+ Kh7 65. Bc2 Rc5 66. Bxf5 Kh8 67. Rxh6+ Kg7 68. Re6 Rc4+ 69. Kg5 Kf8 70. h6 Kf7 71. h7 Rc8 72. Rf6+ Kg7 73. Bxc8 Kh8 74. Rg6 Kxh7 75. Kf6 Kh8 76. Rh6+ Kg8 77. Be6+ Kf8 78. Rh8# 1-0

[Event "Avoine op 32nd"]
[Site "Avoine"]
[Date "2017.07.29"]
[Round "8"]
[White "Burri, Quentin"]
[Black "Cantin, Loic"]
[Result "0-1"]
[WhiteElo "2397"]
[BlackElo "2184"]
[PlyCount "90"]
[EventDate "2017.07.22"]
[EventType "swiss"]
[EventRounds "9"]
[EventCountry "FRA"]
[SourceTitle "CBM 179 Extra"]
[Source "ChessBase"]
[SourceDate "2017.08.23"]
[SourceVersion "1"]
[SourceVersionDate "2017.08.23"]
[SourceQuality "1"]

1. e4 c6 2. d4 d5 3. e5 Bf5 4. Nf3 e6 5. Be2 Nd7 6. 0-0 h6 7. Nbd2 Ne7 8. Nb3 a6 9. Bd2 a5 10. a4 Bh7 11. Rc1 Qb6 12. Bc3 Ng6 13. Qd2 Bb4 14. Bxb4 Qxb4 15. Qxb4 axb4 16. a5 f6 17. exf6 gxf6 18. Ra1 Kf7 19. Ra4 Nf4 20. Bd1 b5 21. Ra1 Rhg8 22. g3 Bf5 23. Re1 Nh3+ 24. Kf1 Ng5 25. Nh4 Bh3+ 26. Kg1 e5 27. Bh5+ Ke6 28. f3 Kd6 29. Kf2 Be6 30. Bg6 Kc7 31. f4 exf4 32. gxf4 Ne4+ 33. Bxe4 dxe4 34. f5 Bxb3 35. cxb3 Rg4 36. Ng6 Nf8 37. Rg1 Rg5 38. Rxg5 hxg5 39. Ke3 Nxg6 40. fxg6 f5 41. a6 Kd6 42. h4 gxh4 43. g7 h3 44. Rh1 Rg8 45. a7 Kd5 0-1

[Event "Avoine op 32nd"]
[Site "Avoine"]
[Date "2017.07.22"]
[Round "4"]
[White "Cantin, Loic"]
[Black "Devallee, Jeremie"]
[Result "1-0"]
[WhiteElo "2184"]
[BlackElo "2261"]
[PlyCount "57"]
[EventDate "2017.07.22"]
[EventType "swiss"]
[EventRounds "9"]
[EventCountry "FRA"]
[SourceTitle "CBM 179 Extra"]
[Source "ChessBase"]
[SourceDate "2017.08.23"]
[SourceVersion "1"]
[SourceVersionDate "2017.08.23"]
[SourceQuality "1"]

1. d4 Nf6 2. c4 g6 3. Nc3 Bg7 4. e4 0-0 5. Nge2 c5 6. d5 b5 7. cxb5 a6 8. Ng3 d6 9. Be2 axb5 10. Nxb5 Ne8 11. 0-0 Nc7 12. a4 Ba6 13. Na3 e6 14. Bxa6 Nbxa6 15. Nc4 exd5 16. exd5 Nb4 17. Ne4 Ra6 18. Bg5 f6 19. Bf4 Ne8 20. Ncxd6 Rxd6 21. Bxd6 Nxd6 22. Nxc5 Qa5 23. Ne6 Rb8 24. Rc1 Bh8 25. Rc5 Qa6 26. Qg4 f5 27. Qh4 Ne4 28. Rc7 Nf6 29. Qh6 1-0

[Event "Avoine op 32nd"]
[Site "Avoine"]
[Date "2017.07.22"]
[Round "5"]
[White "Lejarre, Ludovic"]
[Black "Cantin, Loic"]
[Result "1/2-1/2"]
[WhiteElo "2335"]
[BlackElo "2184"]
[PlyCount "63"]
[EventDate "2017.07.22"]
[EventType "swiss"]
[EventRounds "9"]
[EventCountry "FRA"]
[SourceTitle "CBM 179 Extra"]
[Source "ChessBase"]
[SourceDate "2017.08.23"]
[SourceVersion "1"]
[SourceVersionDate "2017.08.23"]
[SourceQuality "1"]

1. e4 c5 2. Nc3 d6 3. f4 g6 4. Nf3 Bg7 5. Bb5+ Nd7 6. d3 a6 7. Bc4 e6 8. 0-0 b5 9. Bb3 Ngf6 10. Qe1 0-0 11. f5 Nb6 12. a4 c4 13. Ba2 exf5 14. a5 fxe4 15. Ng5 exd3 16. cxd3 b4 17. Nce4 Nxe4 18. Qxe4 d5 19. Qf3 f6 20. Nh3 b3 21. Bb1 Bxh3 22. Qxh3 f5 23. axb6 Qxb6+ 24. Kh1 c3 25. bxc3 b2 26. Bxb2 Qxb2 27. Ba2 Kh8 28. Bxd5 Rad8 29. Bc4 Qxc3 30. Rxa6 Rde8 31. Qf3 Re1 32. Re6 1/2-1/2

[Event "FRA-ch U26"]
[Site "Strasbourg"]
[Date "2017.01.22"]
[Round "7"]
[White "Abdelmoumen, Oussama"]
[Black "Cantin, Loic"]
[Result "0-1"]
[WhiteElo "1932"]
[BlackElo "2184"]
[PlyCount "112"]
[EventDate "2017.01.21"]
[EventType "swiss"]
[EventRounds "11"]
[EventCountry "FRA"]
[SourceTitle "EXT 2018"]
[Source "ChessBase"]
[SourceDate "2017.10.13"]
[SourceVersion "1"]
[SourceVersionDate "2017.10.13"]
[SourceQuality "1"]

1. e4 c6 2. d4 d5 3. exd5 cxd5 4. Bd3 Nc6 5. c3 g6 6. Nf3 Bg7 7. 0-0 Nh6 8. Re1 0-0 9. Bf4 f6 10. c4 dxc4 11. Bxc4+ Kh8 12. Bxh6 Bxh6 13. h3 Bg7 14. Nc3 a6 15. a4 Bf5 16. Qd2 Rc8 17. Ba2 e5 18. Rad1 exd4 19. Nxd4 Nxd4 20. Qxd4 Qxd4 21. Rxd4 Rfe8 22. Rxe8+ Rxe8 23. g4 Bc8 24. Re4 Bd7 25. a5 Bf8 26. Bd5 Rb8 27. b3 Kg7 28. Kf1 f5 29. Rc4 Bd6 30. gxf5 Bxf5 31. Kg2 h5 32. Ne4 Be5 33. Nc5 b5 34. axb6 Rxb6 35. b4 Kh6 36. Be4 Bc8 37. Nd3 Be6 38. Rc6 Rxc6 39. Bxc6 Bc3 40. b5 Bc4 41. Nc5 axb5 42. Ne4 Be5 43. Kf3 b4 44. Nd2 Be6 45. h4 Bf6 46. Kg3 b3 47. Be4 b2 48. f4 Ba2 49. Nb1 Kg7 50. f5 gxf5 51. Bxf5 Kf7 52. Nd2 Ke7 53. Bg6 Bc3 54. Nb1 Be1+ 55. Kf3 Kf6 56. Ke3 Ke5 0-1

[Event "Andorra op 34th"]
[Site "Escaldes"]
[Date "2016.08.08"]
[Round "6"]
[White "Adel Lahchaichi, Oussama"]
[Black "Cantin, Loic"]
[Result "1/2-1/2"]
[WhiteElo "2334"]
[BlackElo "2146"]
[PlyCount "89"]
[EventDate "2016.08.03"]
[EventType "swiss"]
[EventRounds "9"]
[EventCountry "AND"]
[SourceTitle "CBM 173 Extra"]
[Source "ChessBase"]
[SourceDate "2016.08.29"]
[SourceVersion "1"]
[SourceVersionDate "2016.08.29"]
[SourceQuality "1"]

1. c4 Nf6 2. g3 c6 3. Nf3 d5 4. b3 Bf5 5. Bg2 e6 6. 0-0 Be7 7. Bb2 0-0 8. d3 h6 9. Nbd2 Nbd7 10. Rc1 Bh7 11. Rc2 a5 12. a3 Re8 13. Qa1 c5 14. cxd5 exd5 15. a4 Nb8 16. Rcc1 Nc6 17. d4 cxd4 18. Nxd4 Nxd4 19. Bxd4 Bb4 20. Bxf6 Qxf6 21. Qxf6 gxf6 22. Rfd1 Rxe2 23. Nf1 Bc2 24. Rxd5 Bxb3 25. Rd7 Bxa4 26. Rxb7 Rd8 27. Rcc7 Bb3 28. Bf3 Re1 29. Bh5 Rf8 30. Bf3 Rfe8 31. Kg2 R1e7 32. Rxe7 Rxe7 33. Rb8+ Kg7 34. Ne3 Re5 35. Be2 Be6 36. Bd3 Bc5 37. Nc4 Rd5 38. Be2 a4 39. Rb5 Bf8 40. Rb1 Rd4 41. Ne3 a3 42. Ra1 a2 43. Rxa2 Bxa2 44. Nf5+ Kg6 45. Nxd4 1/2-1/2

[Event "FRA-ch op"]
[Site "Nimes"]
[Date "2014.08.17"]
[Round "1"]
[White "Roussiere, Christophe"]
[Black "Cantin, Loic"]
[Result "1-0"]
[WhiteElo "2048"]
[BlackElo "2184"]
[PlyCount "111"]
[EventDate "2014.08.17"]
[EventType "swiss"]
[EventRounds "11"]
[EventCountry "FRA"]
[SourceTitle "EXT 2015"]
[Source "ChessBase"]
[SourceDate "2014.11.20"]
[SourceVersion "1"]
[SourceVersionDate "2014.11.20"]
[SourceQuality "1"]

1. e4 c5 2. Nf3 Nc6 3. Bb5 Nf6 4. Nc3 Qc7 5. 0-0 Nd4 6. Nxd4 cxd4 7. Nd5 Nxd5 8. exd5 Qc5 9. Qe2 Qxd5 10. b3 e6 11. Bb2 Be7 12. Bc4 Qc5 13. a4 Bf6 14. Ba3 Qc7 15. c3 Qe5 16. Qd3 dxc3 17. dxc3 Qxc3 18. Qe2 Qe5 19. Qd2 Qd4 20. Qe2 Qh4 21. Rad1 Be7 22. g3 Qg5 23. h4 Qf6 24. Bb2 Qg6 25. h5 Qg5 26. Bc1 Qc5 27. h6 g6 28. Qb2 f6 29. Be3 Qh5 30. Rfe1 g5 31. Bc5 Qxh6 32. Bxe7 Kxe7 33. Qa3+ Kf7 34. Qd6 Qf8 35. Qc7 Qe7 36. Rd6 Re8 37. Red1 Kf8 38. Rxd7 Bxd7 39. Rxd7 Qxd7 40. Qxd7 Re7 41. Qd4 Kg7 42. Qc5 Rae8 43. Bb5 b6 44. Qd6 Kf7 45. Bxe8+ Rxe8 46. b4 Re7 47. b5 h5 48. Kg2 e5 49. f3 g4 50. fxg4 hxg4 51. Qd3 e4 52. Qd5+ Kg6 53. Kf2 e3+ 54. Ke2 f5 55. Qg8+ Rg7 56. Qe6+ 1-0

[Event "Baden-Elsass m"]
[Site "Endingen"]
[Date "2012.09.16"]
[Round "1.21"]
[White "Cantin, Loic"]
[Black "Roesch, Mario"]
[Result "1/2-1/2"]
[WhiteElo "2033"]
[BlackElo "2005"]
[PlyCount "86"]
[EventDate "2012.09.16"]
[EventType "team-match"]
[EventRounds "1"]
[EventCountry "GER"]
[SourceTitle "EXT 2013"]
[Source "ChessBase"]
[SourceDate "2012.11.22"]
[SourceVersion "1"]
[SourceVersionDate "2012.11.22"]
[SourceQuality "1"]
[WhiteTeam "Elsass"]
[BlackTeam "Baden"]
[WhiteTeamCountry "FRA"]
[BlackTeamCountry "GER"]

1. e4 c6 2. d4 d5 3. e5 c5 4. c4 cxd4 5. Qxd4 Nc6 6. Qxd5 Qxd5 7. cxd5 Nxe5 8. Nc3 Nf6 9. Bf4 Ng6 10. Bg3 e5 11. Nf3 Bd6 12. Nb5 Bb4+ 13. Kd1 Nxd5 14. Bc4 a6 15. Bxd5 axb5 16. Nxe5 Nxe5 17. Bxe5 0-0 18. Kc2 Bc5 19. Kb3 Rd8 20. Be4 f5 21. Bf3 Be6+ 22. Kc2 Bd5 23. Bxd5+ Rxd5 24. f4 Rc8 25. Rhd1 Bd4+ 26. Kb3 Rcd8 27. Bxd4 Rxd4 28. Rxd4 Rxd4 29. Rc1 Rxf4 30. Rc7 Rf2 31. Rxb7 Rxg2 32. Rxb5 f4 33. a4 f3 34. Rf5 f2 35. a5 Rxh2 36. Ka4 g6 37. Rf3 f1Q 38. Rxf1 Rxb2 39. Ra1 Rf2 40. a6 Rf4+ 41. Kb5 Rf5+ 42. Kb6 Rf6+ 43. Kb7 Rf7+ 1/2-1/2

[Event "FRA-ch U16"]
[Site "Montlucon"]
[Date "2011.04.20"]
[Round "5"]
[White "Kirk, Ezra"]
[Black "Cantin, Loic"]
[Result "1-0"]
[WhiteElo "2111"]
[BlackElo "1929"]
[PlyCount "57"]
[EventDate "2011.04.17"]
[EventType "swiss"]
[EventRounds "9"]
[EventCountry "FRA"]
[SourceTitle "CBM 142 Extra"]
[Source "ChessBase"]
[SourceDate "2011.06.27"]
[SourceVersion "1"]
[SourceVersionDate "2011.06.27"]
[SourceQuality "1"]

1. d4 Nf6 2. c4 g6 3. Nc3 Bg7 4. g3 0-0 5. Bg2 d6 6. Nf3 Nc6 7. 0-0 a6 8. h3 Bd7 9. e4 e5 10. d5 Ne7 11. Ne1 b5 12. b3 Qb8 13. Nd3 c6 14. Be3 cxd5 15. cxd5 Nxe4 16. Nxe4 f5 17. Ng5 e4 18. Nf4 Bxa1 19. Qxa1 Qb7 20. Nfe6 Bxe6 21. dxe6 Nd5 22. Nf7 Rxf7 23. exf7+ Qxf7 24. Bd4 Rc8 25. Rc1 Qd7 26. Bf1 Rc6 27. a4 b4 28. Bc4 Qe6 29. Bh8 1-0